KEYNES & POST-KEYNESIAN ECONOMICS (Record no. 17773)

000 -LEADER
fixed length control field 00393nam a22001577a 4500
008 - FIXED-LENGTH DATA ELEMENTS--GENERAL INFORMATION
fixed length control field 201210b ||||| |||| 00| 0 eng d
082 ## - DEWEY DECIMAL CLASSIFICATION NUMBER
Edition number 23
Classification number 330
Item number GUP
100 ## - MAIN ENTRY--PERSONAL NAME
Personal name GUPTA R.D.
245 ## - TITLE STATEMENT
Title KEYNES & POST-KEYNESIAN ECONOMICS
250 ## - EDITION STATEMENT
Edition statement 1ST
260 ## - PUBLICATION, DISTRIBUTION, ETC. (IMPRINT)
Place of publication, distribution, etc. NEW DELHI
Name of publisher, distributor, etc. KALYANI PUBLISHERS
Date of publication, distribution, etc. 2009
300 ## - PHYSICAL DESCRIPTION
Extent 786 p
Dimensions 30 cm
650 ## - SUBJECT ADDED ENTRY--TOPICAL TERM
Source of heading or term ECONOMICS
760 ## - MAIN SERIES ENTRY
Edition RANA A.S.
942 ## - ADDED ENTRY ELEMENTS (KOHA)
Source of classification or shelving scheme
Koha item type Books
Holdings
Withdrawn status Lost status Source of classification or shelving scheme Materials specified (bound volume or other part) Damaged status Not for loan Collection code Permanent location Current location Shelving location Date acquired Full call number Barcode Date last seen Price effective from Koha item type
      PB     Economics Section Maulana Azad Central Library Maulana Azad Central Library General Stacks 2020-12-10 330 GUP 1822 2020-12-10 2020-12-10 Books

Copyright @ USTM
Techno City, Kiling Road, Baridua, 9th Mile,
Ri-Bhoi, Meghalaya-793101

Powered by Koha